000 00933nam1a22002291i 4500
001 rc\229358
005 20240723214832.0
035 _a(NLR Aleph) 005626387
090 _a6536838
_c6536838
100 _a20030307d1990 u |0rusy50 ca
101 0 _arus
102 _aRU
105 _ay |||||||||
200 1 _aТеоретико-групповой анализ структурных фазовых переходов в кристаллах с пространственной группой D¹₄h
_e[В 2 ч.]
_fИванова Т.И., Мисюль С.В., Сахненко В.П., Чечин Г.М.
210 _aКрасноярск
_cИФ
_d1990
215 _d20
225 1 _aПрепринт
_fАН СССР. Сиб. отд-ние. Ин-т физики им. Л.В. Киренского...
701 1 _aИванова
_bТ.И.
801 0 _aRU
_bNLR
_gpsbo
801 1 _aRU
_bELAR
_2rusmarc
852 _aNLR
_j90-4/3328
942 _cBOOK